[Event "Titled Tuesday intern op 08th Aug Early"]
[Site "Chess.com INT"]
[Date "2023.08.08"]
[Round "6"]
[White "Gueci, Tea"]
[Black "Malka, Samuel"]
[Result "1-0"]
[WhiteElo "2217"]
[BlackElo "2200"]
[PlyCount "109"]
[EventDate "2023.08.08"]
[EventType "swiss (blitz)"]
[EventRounds "11"]
[EventCountry "USA"]
[SourceTitle "EXT 2024"]
[Source "ChessBase"]
[SourceDate "2023.10.10"]
[SourceVersion "1"]
[SourceVersionDate "2023.10.10"]
[SourceQuality "1"]

1. e4 e5 2. Nf3 Nc6 3. d4 exd4 4. Bc4 Nf6 5. e5 Ne4 6. Qe2 Nc5 7. 0-0 Ne6 8. Rd1 d6 9. Bb5 dxe5 10. Nxe5 Bd7 11. Nxd7 Qxd7 12. c3 Be7 13. Bxc6 Qxc6 14. cxd4 Nxd4 15. Rxd4 Qxc1+ 16. Rd1 Qc5 17. Re1 0-0-0 18. Nc3 Bd6 19. Ne4 Qe5 20. Qg4+ Kb8 21. Nxd6 Qxd6 22. Rad1 Qf6 23. b3 a6 24. h3 g6 25. Qc4 Rhe8 26. Rc1 Rxe1+ 27. Rxe1 b6 28. Rc1 Rd7 29. Qxa6 Qf4 30. Qf1 Rd2 31. Rd1 Rxa2 32. g3 Qf3 33. Rd8+ Kb7 34. Qg2 Qxg2+ 35. Kxg2 Rb2 36. Rd3 Kc6 37. Rc3+ Kb7 38. h4 Rd2 39. Kf3 Rd5 40. g4 h5 41. gxh5 Rxh5 42. Kg3 c5 43. Rf3 f5 44. Re3 Rh7 45. Re6 Rg7 46. Kf4 Ka6 47. Kg5 Kb5 48. Rxg6 Rf7 49. h5 Kb4 50. Rxb6+ Kc3 51. Kg6 Rf8 52. Kg7 Rd8 53. h6 Rd4 54. h7 Rg4+ 55. Rg6 1-0

[Event "Titled Tuesday intern op 08th Aug Early"]
[Site "Chess.com INT"]
[Date "2023.08.08"]
[Round "4"]
[White "Spichkin, Alexander"]
[Black "Malka, Samuel"]
[Result "0-1"]
[WhiteElo "2052"]
[BlackElo "2200"]
[PlyCount "66"]
[EventDate "2023.08.08"]
[EventType "swiss (blitz)"]
[EventRounds "11"]
[EventCountry "USA"]
[SourceTitle "EXT 2024"]
[Source "ChessBase"]
[SourceDate "2023.10.10"]
[SourceVersion "1"]
[SourceVersionDate "2023.10.10"]
[SourceQuality "1"]

1. f4 g6 2. Nf3 Bg7 3. d3 c5 4. e4 Nc6 5. Be2 d6 6. Nc3 Rb8 7. 0-0 b5 8. a3 e6 9. Qe1 Nge7 10. Nd1 b4 11. axb4 Nxb4 12. Ne3 d5 13. c3 Nbc6 14. Qh4 h6 15. Qg3 f5 16. Nh4 Kf7 17. Bf3 d4 18. Nc4 Bf6 19. e5 Bxh4 20. Qxh4 Nd5 21. Nd6+ Kg7 22. Qg3 Na5 23. Nxf5+ exf5 24. Bxd5 Qxd5 25. Rxa5 Rb7 26. b4 dxc3 27. Rxc5 Qd4+ 28. Be3 Qxd3 29. Rc1 Bd7 30. R5xc3 Qd5 31. Bc5 Rc8 32. Qe1 Bc6 33. Rd1 Qxg2# 0-1

[Event "Titled Tuesday intern op 01st Aug Early"]
[Site "Chess.com INT"]
[Date "2023.08.01"]
[Round "11"]
[White "Delgado Kuffo, Andres"]
[Black "Malka, Samuel"]
[Result "1-0"]
[WhiteElo "2320"]
[BlackElo "2200"]
[PlyCount "47"]
[EventDate "2023.08.01"]
[EventType "swiss (blitz)"]
[EventRounds "11"]
[EventCountry "USA"]
[SourceTitle "EXT 2024"]
[Source "ChessBase"]
[SourceDate "2023.10.10"]
[SourceVersion "1"]
[SourceVersionDate "2023.10.10"]
[SourceQuality "1"]

1. e4 c5 2. Nf3 Nc6 3. b4 cxb4 4. d4 d5 5. exd5 Qxd5 6. c4 bxc3 7. Nxc3 Qa5 8. Bd2 e6 9. d5 exd5 10. Bb5 Bb4 11. 0-0 Bxc3 12. Bxc6+ bxc6 13. Qe1+ Ne7 14. Bxc3 Qa3 15. Bb4 Qxb4 16. Qxb4 Be6 17. Nd4 Rc8 18. Nxe6 fxe6 19. Rfe1 Kd7 20. Rxe6 c5 21. Qg4 Nc6 22. Rae1 Kc7 23. Qxg7+ Kb8 24. Rxc6 1-0

[Event "Titled Tuesday intern op 01st Aug Early"]
[Site "Chess.com INT"]
[Date "2023.08.01"]
[Round "7"]
[White "Gueci, Tea"]
[Black "Malka, Samuel"]
[Result "0-1"]
[WhiteElo "2217"]
[BlackElo "2200"]
[PlyCount "68"]
[EventDate "2023.08.01"]
[EventType "swiss (blitz)"]
[EventRounds "11"]
[EventCountry "USA"]
[SourceTitle "EXT 2024"]
[Source "ChessBase"]
[SourceDate "2023.10.10"]
[SourceVersion "1"]
[SourceVersionDate "2023.10.10"]
[SourceQuality "1"]

1. e4 c5 2. Nf3 Nc6 3. Nc3 g6 4. g3 Bg7 5. Bg2 d6 6. 0-0 Rb8 7. h3 Nf6 8. a4 Nd7 9. Ne2 a6 10. c3 Nde5 11. Nxe5 dxe5 12. d3 0-0 13. Be3 b6 14. Qd2 Na5 15. Qc2 Be6 16. Nc1 Qd6 17. Kh2 Rfd8 18. Rb1 Nc6 19. b3 b5 20. axb5 axb5 21. Ra1 Ra8 22. Rxa8 Rxa8 23. Ne2 Ra3 24. Rb1 b4 25. c4 Nd4 26. Bxd4 exd4 27. f4 Qa6 28. Ng1 Bd7 29. Nf3 Bc6 30. Qd2 Ra2 31. Rb2 Ra1 32. Qc2 Qa3 33. Rb1 Ra2 34. Rb2 Qxb2 0-1

[Event "Paris-ch IdF"]
[Site "Paris"]
[Date "2023.07.16"]
[Round "9"]
[White "O'Donnell, Conor"]
[Black "Malka, Samuel"]
[Result "1-0"]
[WhiteElo "2300"]
[BlackElo "2199"]
[PlyCount "91"]
[EventDate "2023.07.11"]
[EventType "swiss"]
[EventRounds "9"]
[EventCountry "FRA"]
[SourceTitle "CBM 215 Extra"]
[Source "ChessBase"]
[SourceDate "2023.09.30"]
[SourceVersion "1"]
[SourceVersionDate "2023.09.30"]
[SourceQuality "1"]

1. d4 d5 2. c4 e6 3. Nf3 Nf6 4. g3 Bb4+ 5. Bd2 Be7 6. Bg2 0-0 7. 0-0 c6 8. Qc2 Nbd7 9. Bf4 a5 10. h4 h6 11. Rd1 a4 12. Nc3 Qa5 13. e4 dxc4 14. e5 Nd5 15. Bd2 Qa7 16. g4 b5 17. g5 h5 18. Ne4 g6 19. Nf6+ Kg7 20. Bc3 N7b6 21. Nh2 b4 22. Be1 Ba6 23. Nf1 b3 24. axb3 cxb3 25. Qe4 Nc4 26. Ng3 Rh8 27. Rab1 Rab8 28. Rd3 Nxb2 29. Rxb2 Bxd3 30. Qxd3 a3 31. Bxd5 cxd5 32. Rxb3 Rxb3 33. Qxb3 a2 34. Bc3 Rc8 35. Kg2 Rxc3 36. Qxc3 a1Q 37. Ngxh5+ gxh5 38. Qc2 Bxf6 39. gxf6+ Kh8 40. Qc8+ Kh7 41. Qf8 Kg6 42. Qg7+ Kf5 43. Qg5+ Ke4 44. Qe3+ Kf5 45. Qd3+ Kf4 46. Qf3# 1-0

[Event "Titled Tuesday intern op 21st Feb Early"]
[Site "Chess.com INT"]
[Date "2023.02.21"]
[Round "1"]
[White "Bortnyk, Mykola"]
[Black "Malka, Samuel"]
[Result "1-0"]
[WhiteElo "2442"]
[BlackElo "2166"]
[PlyCount "37"]
[EventDate "2023.02.21"]
[EventType "swiss (blitz)"]
[EventRounds "11"]
[EventCountry "USA"]
[SourceTitle "CBM 212 Extra"]
[Source "ChessBase"]
[SourceDate "2023.03.31"]
[SourceVersion "1"]
[SourceVersionDate "2023.03.31"]
[SourceQuality "1"]

1. e4 e5 2. Nf3 Nc6 3. Bb5 a6 4. Ba4 Nf6 5. Qe2 Be7 6. 0-0 b5 7. Bb3 0-0 8. c3 d5 9. exd5 Nxd5 10. Nxe5 Nxe5 11. Qxe5 Bb7 12. d4 Bd6 13. Qh5 g6 14. Qh6 Qf6 15. Bg5 Qf5 16. Nd2 Bf4 17. Nf3 Rae8 18. Bxd5 Bxg5 19. Nxg5 1-0

[Event "Titled Tuesday intern op 21st Feb Early"]
[Site "Chess.com INT"]
[Date "2023.02.21"]
[Round "4"]
[White "Malka, Samuel"]
[Black "Prudnykova, Olga"]
[Result "1-0"]
[WhiteElo "2166"]
[BlackElo "2268"]
[PlyCount "55"]
[EventDate "2023.02.21"]
[EventType "swiss (blitz)"]
[EventRounds "11"]
[EventCountry "USA"]
[SourceTitle "CBM 212 Extra"]
[Source "ChessBase"]
[SourceDate "2023.03.31"]
[SourceVersion "1"]
[SourceVersionDate "2023.03.31"]
[SourceQuality "1"]

1. d4 Nf6 2. c4 g6 3. Nc3 d5 4. cxd5 Nxd5 5. e4 Nxc3 6. bxc3 c5 7. Nf3 Bg7 8. Bb5+ Nd7 9. 0-0 0-0 10. Re1 Nf6 11. h3 Qa5 12. a4 a6 13. Bf1 Rd8 14. Bd2 Qc7 15. d5 e6 16. c4 Ne8 17. Rb1 f5 18. exf5 exd5 19. cxd5 Bxf5 20. Rc1 Nd6 21. Bc3 Rac8 22. Bxg7 Qxg7 23. Ne5 b5 24. axb5 axb5 25. Nc6 Re8 26. Rxe8+ Rxe8 27. Rxc5 Qe5 28. Nxe5 1-0

[Event "Catalunya-chT Gp2"]
[Site "Barcelona"]
[Date "2023.02.18"]
[Round "5.4"]
[White "Malka, Samuel"]
[Black "Fernandez Aguado, Enrique"]
[Result "1-0"]
[WhiteElo "2236"]
[BlackElo "2276"]
[PlyCount "61"]
[EventDate "2023.01.21"]
[EventType "team-tourn"]
[EventRounds "7"]
[EventCountry "ESP"]
[SourceTitle "CBM 213 Extra"]
[Source "ChessBase"]
[SourceDate "2023.05.31"]
[SourceVersion "1"]
[SourceVersionDate "2023.05.31"]
[SourceQuality "1"]
[WhiteTeam "Mollet"]
[BlackTeam "Colon Sabadell"]
[WhiteTeamCountry "ESP"]
[BlackTeamCountry "ESP"]

1. d4 Nf6 2. c4 e6 3. Nf3 b6 4. g3 Ba6 5. b3 Bb4+ 6. Bd2 Be7 7. Nc3 d5 8. cxd5 exd5 9. Bg2 0-0 10. 0-0 Re8 11. Re1 h6 12. Qc2 Bb7 13. Bf4 Na6 14. a3 c5 15. Red1 Qc8 16. Rac1 Bf8 17. dxc5 Nxc5 18. Nb5 g5 19. Nd6 Bxd6 20. Bxd6 Nfe4 21. b4 Ne6 22. Be5 g4 23. Nh4 N6g5 24. Ba1 Qe6 25. Qb2 f6 26. Rc7 Ba6 27. b5 Bc8 28. Ng6 Nxf2 29. Kxf2 Qe3+ 30. Kf1 Nf3 31. Rg7+ 1-0

[Event "Titled Tuesday intern op 14th Feb Early"]
[Site "Chess.com INT"]
[Date "2023.02.14"]
[Round "1"]
[White "Le, Tuan Minh"]
[Black "Malka, Samuel"]
[Result "1-0"]
[WhiteElo "2542"]
[BlackElo "2166"]
[PlyCount "57"]
[EventDate "2023.02.14"]
[EventType "swiss (blitz)"]
[EventRounds "11"]
[EventCountry "USA"]
[SourceTitle "CBM 212 Extra"]
[Source "ChessBase"]
[SourceDate "2023.03.31"]
[SourceVersion "1"]
[SourceVersionDate "2023.03.31"]
[SourceQuality "1"]

1. d4 Nf6 2. Nf3 g6 3. Bg5 Bg7 4. Nbd2 0-0 5. c3 d6 6. e4 c5 7. dxc5 dxc5 8. Bc4 Nc6 9. 0-0 a6 10. a4 Qc7 11. Qe2 Ng4 12. h3 Nge5 13. Nxe5 Nxe5 14. Ba2 b5 15. f4 Nc6 16. axb5 axb5 17. Bxf7+ Kxf7 18. Rxa8 Qb6 19. f5 gxf5 20. exf5 Ne5 21. Qh5+ Kg8 22. Bxe7 c4+ 23. Kh1 Bb7 24. Rxf8+ Bxf8 25. Qg5+ Kf7 26. Bxf8 Kxf8 27. f6 Qe6 28. Qg7+ Ke8 29. Qxb7 1-0

[Event "Titled Tuesday intern op 14th Feb Early"]
[Site "Chess.com INT"]
[Date "2023.02.14"]
[Round "3"]
[White "Malka, Samuel"]
[Black "Ibarra Jerez, Jose Carlos"]
[Result "0-1"]
[WhiteElo "2166"]
[BlackElo "2563"]
[PlyCount "56"]
[EventDate "2023.02.14"]
[EventType "swiss (blitz)"]
[EventRounds "11"]
[EventCountry "USA"]
[SourceTitle "CBM 212 Extra"]
[Source "ChessBase"]
[SourceDate "2023.03.31"]
[SourceVersion "1"]
[SourceVersionDate "2023.03.31"]
[SourceQuality "1"]

1. d4 Nf6 2. c4 d6 3. Nf3 g6 4. Nc3 Bf5 5. Ng5 Bd7 6. e4 e5 7. Nf3 exd4 8. Nxd4 Bg7 9. Be2 0-0 10. 0-0 Re8 11. f3 Nc6 12. Be3 Nh5 13. Qd2 Nxd4 14. Bxd4 Nf4 15. Rad1 Bxd4+ 16. Qxd4 Qg5 17. g3 Bc6 18. Kh1 Nxe2 19. Nxe2 f5 20. Nc3 fxe4 21. fxe4 Re5 22. Rde1 Rae8 23. Rf4 b6 24. Ref1 Qe7 25. Re1 Qe6 26. Kg2 g5 27. Nd5 gxf4 28. Nxc7 Rxe4 0-1

[Event "Titled Tuesday intern op 07th Feb Early"]
[Site "Chess.com INT"]
[Date "2023.02.07"]
[Round "6"]
[White "Malka, Samuel"]
[Black "Skvortsov, Andrei"]
[Result "0-1"]
[WhiteElo "2166"]
[BlackElo "2252"]
[PlyCount "108"]
[EventDate "2023.02.07"]
[EventType "swiss (blitz)"]
[EventRounds "11"]
[EventCountry "USA"]
[SourceTitle "EXT 2024"]
[Source "ChessBase"]
[SourceDate "2023.10.10"]
[SourceVersion "1"]
[SourceVersionDate "2023.10.10"]
[SourceQuality "1"]

1. d4 Nf6 2. c4 c5 3. d5 b5 4. Qc2 g6 5. e4 bxc4 6. Bxc4 d6 7. Nc3 Bg7 8. Nf3 0-0 9. 0-0 Ba6 10. Nb5 Qb6 11. a4 Bc8 12. Bd2 a6 13. Na3 Bg4 14. Ne1 Nxe4 15. Qxe4 Bf5 16. Qe2 Qxb2 17. Ra2 Qb7 18. Nd3 Re8 19. Rb1 Qc7 20. a5 Nd7 21. Rb3 Bxd3 22. Qxd3 Ne5 23. Qe2 Rab8 24. Rab2 Nxc4 25. Rxb8 Rxb8 26. Rxb8+ Qxb8 27. Nxc4 Qb1+ 28. Qf1 Qa2 29. Bg5 f6 30. Be3 Kf7 31. h3 f5 32. Bg5 Bd4 33. Bh4 h6 34. Bg3 g5 35. h4 f4 36. Bh2 Bxf2+ 37. Qxf2 Qxc4 38. hxg5 hxg5 39. Qd2 Kf6 40. Qb2+ Qd4+ 41. Qxd4+ cxd4 42. Kf2 Kf5 43. g3 Ke4 44. gxf4 gxf4 45. Ke2 f3+ 46. Kf2 d3 47. Ke1 Kxd5 48. Bg3 e5 49. Bf2 Kc4 50. Kd2 e4 51. Be3 d5 52. Bb6 d4 53. Bc7 e3+ 54. Kd1 f2 0-1

[Event "Titled Tuesday intern op 31st Jan Early"]
[Site "Chess.com INT"]
[Date "2023.01.31"]
[Round "5"]
[White "Manon Og, Ramon Jr"]
[Black "Malka, Samuel"]
[Result "0-1"]
[WhiteElo "1999"]
[BlackElo "2236"]
[PlyCount "36"]
[EventDate "2023.01.31"]
[EventType "swiss (blitz)"]
[EventRounds "11"]
[EventCountry "USA"]
[SourceTitle "CBM 212 Extra"]
[Source "ChessBase"]
[SourceDate "2023.03.31"]
[SourceVersion "1"]
[SourceVersionDate "2023.03.31"]
[SourceQuality "1"]

1. e4 e5 2. Nf3 Nc6 3. Bc4 Nf6 4. Ng5 d5 5. exd5 Na5 6. Bb5+ c6 7. dxc6 bxc6 8. Bd3 Ng4 9. Nf3 f5 10. h3 Nxf2 11. Kxf2 e4 12. Qe2 Bc5+ 13. Kf1 0-0 14. Bxe4 fxe4 15. Qxe4 Bf5 16. Qa4 Re8 17. b4 Qd3+ 18. cxd3 Bxd3# 0-1

[Event "Titled Tuesday intern op 17th Jan Late"]
[Site "Chess.com INT"]
[Date "2023.01.17"]
[Round "10"]
[White "Malka, Samuel"]
[Black "Alfaro Caracas, William"]
[Result "1-0"]
[WhiteElo "2236"]
[BlackElo "2134"]
[PlyCount "155"]
[EventDate "2023.01.17"]
[EventType "swiss (blitz)"]
[EventRounds "11"]
[EventCountry "USA"]
[SourceTitle "CBM 212 Extra"]
[Source "ChessBase"]
[SourceDate "2023.03.31"]
[SourceVersion "1"]
[SourceVersionDate "2023.03.31"]
[SourceQuality "1"]

1. d4 Nf6 2. c4 g6 3. Nc3 Bg7 4. e4 d6 5. Nf3 0-0 6. Be2 e5 7. 0-0 Nc6 8. d5 Ne7 9. Ne1 Nd7 10. Nd3 f5 11. f3 f4 12. a4 a5 13. Kh1 g5 14. Bd2 Ng6 15. b4 axb4 16. Nb5 Rf7 17. Bxb4 Bf8 18. Qc2 b6 19. Be1 Nf6 20. Nb4 Bd7 21. Nc6 Qe8 22. Nb4 Bc8 23. Nc6 Bb7 24. c5 dxc5 25. a5 Kg7 26. Bc4 g4 27. a6 Bxc6 28. dxc6 Re7 29. Nc3 Qxc6 30. Nd5 Rd7 31. Qb3 gxf3 32. gxf3 Ra7 33. Bb5 Qe6 34. Bxd7 Qxd7 35. Nxf6 Kxf6 36. Rg1 Qd4 37. Ra2 c4 38. Qb5 Bc5 39. Bf2 Qd3 40. Qc6+ Kg7 41. Bxc5 Qxf3+ 42. Rag2 bxc5 43. Qxc5 Rxa6 44. Qxe5+ Kh6 45. Qf5 Ra2 46. Qg5+ Kg7 47. Qe7+ Kh6 48. Qg5+ Kg7 49. e5 Kf7 50. Qf6+ Ke8 51. e6 Ne7 52. Qh8+ Ng8 53. Qxg8+ Ke7 54. Qf7+ Kd6 55. Qd7+ Kc5 56. Qxc7+ Kd4 57. Qd6+ Kc3 58. Qe5+ Kb4 59. Qd6+ Kc3 60. Qe5+ Kb3 61. Qg5 Qe4 62. e7 f3 63. Rxa2 f2+ 64. Qg2 fxg1Q+ 65. Kxg1 Qe1+ 66. Qf1 Qe3+ 67. Rf2 Qg5+ 68. Rg2 Qc5+ 69. Qf2 Qxe7 70. Rg3+ c3 71. Kg2 Qe4+ 72. Qf3 Qc2+ 73. Qf2 Qe4+ 74. Kg1 Qb1+ 75. Qf1 Qe4 76. Qb5+ Kc2 77. Rg2+ Kd1 78. Qf1+ 1-0

[Event "Titled Tuesday intern op 17th Jan Late"]
[Site "Chess.com INT"]
[Date "2023.01.17"]
[Round "9"]
[White "Quinonez Garcia, Santiago"]
[Black "Malka, Samuel"]
[Result "0-1"]
[WhiteElo "2248"]
[BlackElo "2236"]
[PlyCount "68"]
[EventDate "2023.01.17"]
[EventType "swiss (blitz)"]
[EventRounds "11"]
[EventCountry "USA"]
[SourceTitle "CBM 212 Extra"]
[Source "ChessBase"]
[SourceDate "2023.03.31"]
[SourceVersion "1"]
[SourceVersionDate "2023.03.31"]
[SourceQuality "1"]

1. d4 Nf6 2. c4 g6 3. Nc3 Bg7 4. e4 d6 5. Nf3 0-0 6. h3 e5 7. d5 a5 8. Be3 Na6 9. g4 Nd7 10. Nd2 Ndc5 11. Qc2 f5 12. gxf5 gxf5 13. Rg1 Kh8 14. Bg5 Bf6 15. Bxf6+ Qxf6 16. 0-0-0 Nb4 17. Qb1 fxe4 18. Ndxe4 Qf4+ 19. Nd2 Bf5 20. Qa1 Ncd3+ 21. Bxd3 Nxd3+ 22. Kc2 Nxf2+ 23. Kc1 Nxd1 24. Rxd1 Rg8 25. b3 Rg2 26. Nb5 Bxh3 27. Nxc7 Rc8 28. Nb5 Bg4 29. Qc3 Bxd1 30. Kxd1 Qh6 31. Qxa5 Rf8 32. Qc3 Rff2 33. Nxd6 Rxd2+ 34. Kc1 Rg1# 0-1

[Event "Titled Tuesday intern op 10th Jan Late"]
[Site "Chess.com INT"]
[Date "2023.01.10"]
[Round "3"]
[White "Stanisz, Patryk"]
[Black "Malka, Samuel"]
[Result "1/2-1/2"]
[WhiteElo "2152"]
[BlackElo "2236"]
[PlyCount "44"]
[EventDate "2023.01.10"]
[EventType "swiss (blitz)"]
[EventRounds "11"]
[EventCountry "USA"]
[SourceTitle "EXT 2024"]
[Source "ChessBase"]
[SourceDate "2023.10.10"]
[SourceVersion "1"]
[SourceVersionDate "2023.10.10"]
[SourceQuality "1"]

1. d4 d5 2. c4 e6 3. Nc3 Nf6 4. Nf3 Nbd7 5. Bf4 Bb4 6. e3 0-0 7. Rc1 a6 8. a3 Bxc3+ 9. Rxc3 dxc4 10. Bxc4 b5 11. Ba2 Ra7 12. Qc2 c5 13. dxc5 e5 14. Nxe5 Nxe5 15. Bxe5 Ng4 16. Bd6 Re8 17. h3 Qh4 18. g3 Qh6 19. Bf4 g5 20. Bxg5 Qxg5 21. hxg4 h6 22. Rh5 Qg7 1/2-1/2